Dramaturgos norteamericanos modernos

Uloženo v:
Podrobná bibliografie
Hlavní autor: Gould, Jean
Médium: Kniha
Jazyk:Undetermined
Vydáno: México, Distrito Federal Limusa Wiley 1968
Témata:
Tagy: Přidat tag
Žádné tagy, Buďte první, kdo vytvoří štítek k tomuto záznamu!

MARC

LEADER 00000nam a2200000Ia 4500
008 170316s9999 xx 000 0 und d
040 |a cru BVZT 
090 |a 810 G-20d 
100 |a Gould, Jean 
245 |a Dramaturgos norteamericanos modernos 
260 |a México, Distrito Federal 
260 |b Limusa Wiley 
260 |c 1968 
300 |a 429 páginas 
650 |a LITERATURA ESTADOUNIDENSE 
999 |c 5667  |d 5667 
942 |c 15 D  |h 810 G-20d  |2 z